[Event "ICS rated standard match"]
[Site "204.178.125.65"]
[Date "2000.06.21"]
[Round "?"]
[White "PostModernist"]
[Black "Hossa"]
[Result "0-1"]
[WhiteElo "2409"]
[BlackElo "2258"]
[PlyCount "112"]
[EventDate "2000.??.??"]

1. d4 Nf6 2. c4 e6 3. g3 d5 4. Nf3 dxc4 5. Qa4+ Nbd7 6. Bg2 a6 7. Nc3 c5 8. O-O
cxd4 9. Nxd4 Be7 10. Qxc4 O-O 11. Rd1 Ne5 12. Qb3 Qe8 13. Bf4 Neg4 14. Bxb7
Bxb7 15. Qxb7 e5 16. Nf5 Bc5 17. Be3 Nxe3 18. Nxe3 Bxe3 19. fxe3 Qe6 20. Qf3
Rab8 21. b3 e4 22. Qf4 Rbd8 23. Rxd8 Rxd8 24. Rd1 Rc8 25. Nb1 h6 26. Nd2 Qd5
27. a4 Rd8 28. Qc7 Ng4 29. Qc3 Nxh2 30. Kxh2 Qh5+ 31. Kg1 Qxe2 32. Qc2 Rd5 33.
Rf1 Qxe3+ 34. Rf2 Qxg3+ 35. Rg2 Qe3+ 36. Rf2 Rg5+ 37. Kf1 Qh3+ 38. Ke2 Qh5+ 39.
Ke1 e3 40. Qc8+ Kh7 41. Qc2+ f5 42. Rf1 exd2+ 43. Qxd2 Qh4+ 44. Kd1 Qh3 45. Qf2
Qxb3+ 46. Qc2 Qxc2+ 47. Kxc2 Rg2+ 48. Kb3 Kg6 49. Rd1 f4 50. Rd6+ Kg5 51. Rxa6
f3 52. Ra7 Kg6 53. Ra8 Rg5 54. Rf8 Rf5 55. Rd8 f2 56. Rd1 f1=Q 0-1

[Event "ICS rated standard match"]
[Site "204.178.125.65"]
[Date "2000.06.21"]
[Round "?"]
[White "Hossa"]
[Black "QueenMaxima"]
[Result "0-1"]
[WhiteElo "2281"]
[BlackElo "2365"]
[PlyCount "158"]
[EventDate "2000.??.??"]

1. e4 e5 2. Nf3 Nc6 3. Nc3 Nf6 4. Bb5 Bb4 5. Bxc6 dxc6 6. Nxe5 Qe7 7. f4 Bxc3
8. bxc3 Nxe4 9. Qf3 Nd6 10. O-O O-O 11. Ba3 Bf5 12. Rae1 Rfe8 13. Nxc6 Qxe1 14.
Rxe1 Rxe1+ 15. Kf2 Rae8 16. Nd4 Be4 17. Qh5 Bg6 18. Qa5 Nc4 19. Qxc7 Nxa3 20.
Qxb7 Nb1 21. f5 Bh5 22. d3 Nxc3 23. Qxa7 g6 24. Kg3 R1e7 25. Qa5 Nd1 26. Qa6
Re3+ 27. Kh4 h6 28. h3 Rd8 29. Nb3 Rb8 30. Qa7 Rb4+ 31. Nd4 Be2 32. fxg6 fxg6
33. g4 Bf3 34. Nxf3 Rxf3 35. Qa8+ Rf8 36. Qd5+ Kh7 37. Qd7+ Kh8 38. Qd6 Rbf4
39. Qxg6 R8f7 40. Qe6 Nf2 41. Kg3 Rf3+ 42. Kg2 Kg7 43. Qe5+ Kh7 44. a4 Rxh3 45.
Qd5 Rf4 46. g5 h5 47. Qd6 Rff3 48. Qh6+ Kg8 49. Qg6+ Kf8 50. Qd6+ Kg7 51. Qh6+
Kf7 52. Qh7+ Ke6 53. Qg6+ Kd5 54. Qg8+ Kd4 55. Qb8 Ke3 56. g6 h4 57. Qb6+ Kd2
58. Qxf2+ Rxf2+ 59. Kxh3 Rf6 60. g7 Rg6 61. d4 Kxc2 62. a5 Rxg7 63. d5 Ra7 64.
d6 Rxa5 65. d7 Rd5 66. Kxh4 Rxd7 67. Kg5 Rf7 68. Kg6 Rf8 69. Kh7 Kd3 70. Kg6
Ke4 71. Kg5 Rf1 72. Kg6 Rf5 73. Kh6 Kf4 74. Kg6 Kg4 75. Kh6 Rg5 76. Kh7 Kh5 77.
Kh8 Kg6 78. Kg8 Rf5 79. Kh8 Rf8# {Hossa checkmated} 0-1

[Event "ICS rated bullet match"]
[Site "204.178.125.65"]
[Date "2000.06.21"]
[Round "?"]
[White "Hossa"]
[Black "STREETMASTER"]
[Result "1-0"]
[WhiteElo "2402"]
[BlackElo "1511"]
[PlyCount "49"]
[EventDate "2000.??.??"]

1. e4 c5 2. Nf3 d6 3. d4 Nd7 4. Bd3 cxd4 5. Nxd4 a6 6. O-O b5 7. a4 bxa4 8. Nc3
Nb6 9. Nxa4 Bb7 10. Nxb6 Qxb6 11. Be3 Qc7 12. Bd2 Nf6 13. Qe2 e6 14. Bxa6 Bxa6
15. Rxa6 Rd8 16. Ba5 Qc8 17. Bxd8 Qxd8 18. Qb5+ Qd7 19. Ra8+ Ke7 20. Nc6+ Qxc6
21. Qxc6 e5 22. Ra7+ Ke6 23. Qc8+ Nd7 24. Qxd7+ Kf6 25. Qf5# 1-0

[Event "ICS rated bullet match"]
[Site "204.178.125.65"]
[Date "2000.06.21"]
[Round "?"]
[White "Chess-Fighter"]
[Black "Hossa"]
[Result "0-1"]
[WhiteElo "1548"]
[BlackElo "2402"]
[PlyCount "60"]
[EventDate "2000.??.??"]

1. e4 e5 2. Nf3 Nf6 3. Nc3 Bb4 4. Bc4 d6 5. d3 Bxc3+ 6. bxc3 O-O 7. Bg5 Bg4 8.
Bxf6 Qxf6 9. h3 Bxf3 10. Qxf3 Qxf3 11. gxf3 Nd7 12. d4 Nb6 13. Bd3 f5 14. dxe5
fxe4 15. Bxe4 d5 16. Bd3 Rae8 17. f4 Rxf4 18. O-O-O Rxe5 19. Rde1 Rxe1+ 20.
Rxe1 Rxf2 21. Re7 Rf3 22. Rxc7 Rxh3 23. Rxb7 Nc4 24. Bxc4 dxc4 25. Rxa7 Rxc3
26. Kd2 Rf3 27. a3 c3+ 28. Kd1 Rf7 29. Ke2 Rxa7 30. Kd3 Rxa3 0-1

[Event "ICS rated bullet match"]
[Site "204.178.125.65"]
[Date "2000.06.21"]
[Round "?"]
[White "Chess-Fighter"]
[Black "Hossa"]
[Result "0-1"]
[WhiteElo "1548"]
[BlackElo "2402"]
[PlyCount "30"]
[EventDate "2000.??.??"]

1. e4 e5 2. Nf3 Nf6 3. Nxe5 d6 4. Nf3 Nxe4 5. Qe2 Qe7 6. d3 Nf6 7. Qxe7+ Bxe7
8. Bg5 h6 9. Bf4 Nc6 10. Nc3 Bg4 11. Be2 O-O-O 12. h3 Bxf3 13. Bxf3 Nd4 14. Ne2
Nxc2+ 15. Kd1 Nxa1 0-1

[Event "ICS rated bullet match"]
[Site "204.178.125.65"]
[Date "2000.06.21"]
[Round "?"]
[White "Hossa"]
[Black "Chess-Fighter"]
[Result "1-0"]
[WhiteElo "2402"]
[BlackElo "1548"]
[PlyCount "33"]
[EventDate "2000.??.??"]

1. e4 e5 2. Nf3 d6 3. Bc4 h6 4. O-O Bg4 5. d4 Qf6 6. Be3 Bxf3 7. gxf3 exd4 8.
Bxd4 Qd8 9. f4 Nc6 10. Bb5 a6 11. Bxc6+ bxc6 12. Qg4 Nf6 13. Bxf6 Qxf6 14. Nc3
Qe6 15. Qg2 d5 16. exd5 cxd5 17. Rae1 1-0

[Event "ICS rated bullet match"]
[Site "204.178.125.65"]
[Date "2000.06.21"]
[Round "?"]
[White "Hossa"]
[Black "REAL-KILL"]
[Result "1-0"]
[WhiteElo "2404"]
[BlackElo "1882"]
[PlyCount "27"]
[EventDate "2000.??.??"]

1. e4 e6 2. d4 c6 3. Nf3 Ne7 4. Bd3 b5 5. O-O Qc7 6. e5 c5 7. dxc5 Qxc5 8. Nc3
b4 9. Ne4 Qb6 10. Nd6+ Qxd6 11. exd6 Nd5 12. Be4 Bxd6 13. Bxd5 exd5 14. Qxd5 {
REAL-KILL resigns} 1-0

[Event "ICS rated bullet match"]
[Site "204.178.125.65"]
[Date "2000.06.21"]
[Round "?"]
[White "Pirk"]
[Black "Hossa"]
[Result "0-1"]
[WhiteElo "1239"]
[BlackElo "2411"]
[PlyCount "64"]
[EventDate "2000.??.??"]

1. c4 e5 2. Nc3 d6 3. g3 g6 4. Bg2 Nc6 5. d3 Nf6 6. Bd2 Bg7 7. Qc1 O-O 8. Bh6
Bxh6 9. Qxh6 Nd4 10. Qd2 Bg4 11. h3 Bc8 12. Nf3 Bd7 13. Nxd4 exd4 14. Ne4 Nxe4
15. Bxe4 Rb8 16. h4 c6 17. h5 g5 18. f4 g4 19. f5 d5 20. cxd5 cxd5 21. Bxd5
Bxf5 22. O-O Be6 23. Bxe6 fxe6 24. Rxf8+ Qxf8 25. Qg5+ Qg7 26. Qxg7+ Kxg7 27.
Rf1 Rf8 28. Rf4 Rxf4 29. gxf4 Kh6 30. Kg2 Kxh5 31. Kg3 b6 32. Kg2 Kh4 {
Pirk resigns} 0-1

[Event "ICS rated bullet match"]
[Site "204.178.125.65"]
[Date "2000.06.21"]
[Round "?"]
[White "Hossa"]
[Black "Ziga"]
[Result "1-0"]
[WhiteElo "2414"]
[BlackElo "1233"]
[PlyCount "41"]
[EventDate "2000.??.??"]

1. e4 e6 2. d4 d5 3. Nd2 c5 4. exd5 exd5 5. Ngf3 Nf6 6. Bb5+ Bd7 7. Qe2+ Be7 8.
O-O a6 9. Bxd7+ Qxd7 10. dxc5 Nc6 11. Ne5 Bxc5 12. Nxd7+ Kxd7 13. Nb3 Ne4 14.
Qg4+ Ke8 15. Qxg7 Rf8 16. Nxc5 b6 17. Nxe4 dxe4 18. Qxh7 Kd7 19. Qf5+ Kc7 20.
Bf4+ Kb7 21. Qd7# {Ziga checkmated} 1-0

[Event "ICS rated bullet match"]
[Site "204.178.125.65"]
[Date "2000.06.21"]
[Round "?"]
[White "Ziga"]
[Black "Hossa"]
[Result "0-1"]
[WhiteElo "1233"]
[BlackElo "2414"]
[PlyCount "40"]
[EventDate "2000.??.??"]

1. Nf3 Nf6 2. c4 e6 3. Nc3 c5 4. d4 cxd4 5. Nxd4 Nc6 6. g3 Bb4 7. Bg2 Ne5 8. a3
Bxc3+ 9. bxc3 Nxc4 10. Rb1 O-O 11. Rb4 d5 12. Rxc4 dxc4 13. O-O e5 14. Be4 Nxe4
15. f3 Nxc3 16. Qc2 Qxd4+ 17. Be3 Qxe3+ 18. Rf2 Bh3 19. Kh1 Qxf2 20. Qxc3 Qf1#
{Ziga checkmated} 0-1

[Event "ICS rated blitz match"]
[Site "204.178.125.65"]
[Date "2000.06.21"]
[Round "?"]
[White "Amy"]
[Black "Hossa"]
[Result "1-0"]
[WhiteElo "2307"]
[BlackElo "2368"]
[PlyCount "115"]
[EventDate "2000.??.??"]

1. e4 e5 2. Nf3 Nf6 3. d4 exd4 4. e5 Ne4 5. Qxd4 d5 6. exd6 Nxd6 7. Bd3 Nc6 8.
Qf4 Be7 9. Nc3 O-O 10. O-O a5 11. Be3 Nb4 12. Rfd1 Nxd3 13. Rxd3 Bd7 14. Rad1
Re8 15. Nd5 Bb5 16. c4 Ba6 17. b3 Bf8 18. Nc3 b6 19. Ne5 Qe7 20. Ng4 Bb7 21.
Nd5 Bxd5 22. Rxd5 a4 23. Rg5 Kh8 24. Re5 Qh4 25. g3 Qh3 26. c5 bxc5 27. Bxc5
axb3 28. axb3 f6 29. Rxe8 Rxe8 30. Ne3 Re5 31. b4 Re8 32. Nd5 Re4 33. Qf3 f5
34. Nxc7 Be7 35. Nd5 Bf8 36. Nc3 Qg4 37. Qxg4 Rxg4 38. Bxd6 Rc4 39. Bxf8 Rxc3
40. Rd7 Rc1+ 41. Kg2 Rc4 42. Bxg7+ Kg8 43. b5 Rb4 44. Rb7 Rb1 45. Bh6 Rb2 46.
b6 f4 47. Rg7+ Kf8 48. gxf4 Ke8 49. b7 Kf8 50. f5 Ke8 51. f6 Kd8 52. Bg5 Rxb7
53. f7+ Kd7 54. f8=Q+ Kc6 55. Qc8+ Rc7 56. Rxc7+ Kd6 57. Rc5 h6 58. Qc6# {
Hossa checkmated} 1-0

[Event "ICS rated bullet match"]
[Site "204.178.125.65"]
[Date "2000.06.21"]
[Round "?"]
[White "Hossa"]
[Black "Cruijff"]
[Result "1-0"]
[WhiteElo "2414"]
[BlackElo "2318"]
[PlyCount "71"]
[EventDate "2000.??.??"]

1. e4 b6 2. d4 Bb7 3. Nc3 e6 4. Bd3 d5 5. exd5 exd5 6. Qe2+ Qe7 7. Bf4 Qxe2+ 8.
Ngxe2 Nc6 9. Bxc7 Bb4 10. a3 Bxc3+ 11. bxc3 Nf6 12. O-O O-O 13. Rfe1 Rfe8 14.
Bf4 Ne4 15. f3 Nf6 16. Bg5 Nd7 17. Bf5 Nf8 18. Bd2 f6 19. Nf4 Ba6 20. Rxe8 Rxe8
21. Nxd5 Re2 22. Be3 g6 23. Bd3 Bxd3 24. cxd3 Ne6 25. Kf1 Rc2 26. Nxf6+ Kf7 27.
Ne4 Ne7 28. Re1 Ra2 29. Nd6+ Kf8 30. Bh6+ Kg8 31. Rxe6 Rxa3 32. Rxe7 Ra1+ 33.
Ke2 Ra2+ 34. Ke3 Re2+ 35. Kxe2 g5 36. Re8# {Cruijff checkmated} 1-0

[Event "ICS rated bullet match"]
[Site "204.178.125.65"]
[Date "2000.06.21"]
[Round "?"]
[White "ForrestGump2000"]
[Black "Hossa"]
[Result "1-0"]
[WhiteElo "2080"]
[BlackElo "2449"]
[PlyCount "47"]
[EventDate "2000.??.??"]

1. e4 c5 2. Nf3 d6 3. d4 cxd4 4. Nxd4 Nf6 5. Nc3 g6 6. Be3 Bg7 7. f3 Nc6 8. Qd2
O-O 9. Bc4 Nxd4 10. Bxd4 Qc7 11. Bb3 Bd7 12. O-O-O Qa5 13. h4 Rfc8 14. h5 Nxh5
15. Bxg7 Kxg7 16. g4 Nf6 17. Qh6+ Kh8 18. Nd5 Rc7 19. Nxf6 Rxc2+ 20. Kxc2 Rc8+
21. Kb1 Rc1+ 22. Rxc1 Qxa2+ 23. Kxa2 exf6 24. Qxh7# 1-0

[Event "ICS rated bullet match"]
[Site "204.178.125.65"]
[Date "2000.06.21"]
[Round "?"]
[White "Hossa"]
[Black "ForrestGump2000"]
[Result "1-0"]
[WhiteElo "2420"]
[BlackElo "2123"]
[PlyCount "20"]
[EventDate "2000.??.??"]

1. e4 e5 2. Nf3 Nc6 3. Nc3 f5 4. exf5 Nf6 5. Bb5 Nd4 6. Nxe5 Bc5 7. O-O O-O 8.
Nd3 Bb6 9. Nf4 d5 10. Ne6 Qd7 1-0

[Event "ICS rated bullet match"]
[Site "204.178.125.65"]
[Date "2000.06.21"]
[Round "?"]
[White "ForrestGump2000"]
[Black "Hossa"]
[Result "0-1"]
[WhiteElo "2118"]
[BlackElo "2425"]
[PlyCount "54"]
[EventDate "2000.??.??"]

1. e4 c5 2. Nf3 d6 3. d4 cxd4 4. Nxd4 Nf6 5. Nc3 e6 6. Be3 Be7 7. Bc4 O-O 8. g4
d5 9. exd5 exd5 10. Be2 Bb4 11. Qd2 Ne4 12. Qd3 Nc6 13. Nxc6 bxc6 14. f3 Nxc3
15. bxc3 Qh4+ 16. Bf2 Qf6 17. Kd2 Ba3 18. Bd4 Qe7 19. Rae1 Re8 20. f4 a5 21.
Bf3 Qf8 22. Rxe8 Qxe8 23. Re1 Qd7 24. f5 Rb8 25. Be5 Rb2 26. c4 Bb4+ 27. Kd1
Rb1+ 0-1

[Event "ICS rated blitz match"]
[Site "204.178.125.65"]
[Date "2000.06.21"]
[Round "?"]
[White "Hossa"]
[Black "Amy"]
[Result "1/2-1/2"]
[WhiteElo "2354"]
[BlackElo "2336"]
[PlyCount "309"]
[EventDate "2000.??.??"]

1. e4 c5 2. Nf3 Nc6 3. d4 cxd4 4. Nxd4 e6 5. Nc3 Nf6 6. Ndb5 Bb4 7. Nd6+ Ke7 8.
Nxc8+ Rxc8 9. Bd2 d5 10. exd5 Nxd5 11. Nxd5+ Qxd5 12. c3 Bc5 13. Qe2 Qf5 14. b4
Bxb4 15. Qb5 Qe4+ 16. Qe2 Qxe2+ 17. Bxe2 Bc5 18. O-O Rhd8 19. Rfd1 Ne5 20. Rab1
Bb6 21. Bf4 Rxd1+ 22. Rxd1 Kf6 23. Bxe5+ Kxe5 24. Rd3 Rc4 25. Re3+ Bxe3 26.
Bxc4 Bd2 27. Bd3 Bxc3 28. Be2 Kd4 29. Bh5 g6 30. Bf3 b6 31. Bc6 Kc5 32. Bd7 Kd6
33. Be8 f5 34. Bb5 Kc5 35. Ba4 e5 36. Bb3 h6 37. Bf7 g5 38. Bg6 f4 39. Bf5 Kd4
40. f3 Ke3 41. Kf1 b5 42. Bd7 b4 43. Bf5 a5 44. Bd7 Bb2 45. Kg1 Bd4 46. Kf1 Bb6
47. Ke1 Bc5 48. Kf1 Bd6 49. Ke1 Bb8 50. Kf1 Bc7 51. Ke1 Bb6 52. h3 Bd4 53. Ba4
Bb2 54. Kf1 Bc3 55. Bc6 Bd4 56. Ke1 Ba1 57. Ba4 h5 58. Kf1 Bc3 59. Be8 h4 60.
Kg1 Bd4 61. Kh2 e4 62. fxe4 Kxe4 63. Bb5 Be5 64. Kh1 Kd4 65. Bc6 Kd3 66. Kg1
Bd4+ 67. Kf1 Kd2 68. Ba4 Ke3 69. Bd7 Bc5 70. Ke1 Bb6 71. Bb5 Bd4 72. Bc6 Be5
73. Kf1 Bf6 74. Bd7 Be7 75. Ke1 Bc5 76. Ba4 f3 77. gxf3 Kxf3 78. Kd2 Ke4 79.
Bd7 Be3+ 80. Kc2 Bd4 81. Kb3 Kd5 82. Ka4 Kd6 83. Bg4 Bb6 84. Kb5 Bd8 85. Kc4
Ke5 86. Kc5 Ke4 87. Kc4 Bb6 88. Kb5 Bc7 89. Kc5 Ke3 90. Kc6 Be5 91. Kb5 Ke4 92.
Kxa5 Bd6 93. Ka4 Bc5 94. Kb3 Kd4 95. Be6 Bd6 96. Bg4 Kd3 97. Bf3 Be7 98. Bg4
Kd4 99. Kb2 Bf8 100. Kb3 Kd5 101. Kb2 Bc5 102. Kb3 Bd6 103. Bf3+ Kc5 104. a4
bxa3 105. Kxa3 Kd4+ 106. Kb3 Ke3 107. Bg4 Bg3 108. Kc4 Be5 109. Kb5 Kf4 110.
Kc4 Ke4 111. Kc5 Bb8 112. Kc6 Ke5 113. Kb7 Bd6 114. Kc6 Bb4 115. Kb5 Bc3 116.
Kc4 Bd4 117. Kd3 Bb6 118. Kd2 Bf2 119. Ke2 Bg3 120. Kf3 Bf4 121. Bc8 Kf6 122.
Kg4 Be5 123. Bd7 Kg6 124. Bf5+ Kh6 125. Be4 Bd4 126. Bf5 Bc5 127. Be4 Bd6 128.
Bd3 Bf4 129. Be4 Be5 130. Bd3 Bg3 131. Bc2 Bc7 132. Bd3 Bd6 133. Bc2 Bg3 134.
Bf5 Bf2 135. Be6 Kg6 136. Bf5+ Kf6 137. Bc8 Bd4 138. Bf5 Bc5 139. Be4 Ke5 140.
Bf3 Be3 141. Bc6 Kf6 142. Be4 Bc5 143. Bf5 Bd4 144. Be4 Be5 145. Bf5 Bd6 146.
Be4 Bf4 147. Bc6 Ke5 148. Bb7 Kf6 149. Bc6 Be5 150. Bd7 Bc3 151. Bb5 Be5 152.
Bd7 Bd4 153. Bf5 Bg1 154. Be4 Be3 155. Bd5 1/2-1/2

[Event "ICS rated blitz match"]
[Site "204.178.125.65"]
[Date "2000.06.21"]
[Round "?"]
[White "Amy"]
[Black "Hossa"]
[Result "1-0"]
[WhiteElo "2339"]
[BlackElo "2353"]
[PlyCount "85"]
[EventDate "2000.??.??"]

1. e4 c5 2. Nf3 d6 3. Bb5+ Nc6 4. O-O Bd7 5. c3 Nf6 6. Re1 a6 7. Bxc6 Bxc6 8.
d4 Bxe4 9. Bg5 Bd5 10. Nbd2 cxd4 11. Bxf6 gxf6 12. c4 Bc6 13. Nxd4 Qd7 14. Nxc6
Qxc6 15. Ne4 O-O-O 16. Qh5 d5 17. cxd5 Qxd5 18. Qg4+ Kb8 19. Rad1 Qa5 20. Nc3
Rxd1 21. Rxd1 Qc7 22. Rd7 Qe5 23. Kf1 Qc5 24. Rd8+ Ka7 25. Qf4 Qe5 26. Qb4 Bg7
27. Rd7 Rb8 28. Nd5 Ka8 29. f4 Qxd5 30. Rxd5 Bf8 31. Rd7 h6 32. Qc4 h5 33. Qxf7
h4 34. Qc4 f5 35. Qd4 Bh6 36. Rxe7 Bf8 37. Rf7 Bh6 38. Qd6 Bg7 39. Rxg7 Ka7 40.
Qd4+ Ka8 41. Qb6 h3 42. gxh3 a5 43. Qxa5# 1-0

[Event "ICS rated standard match"]
[Site "204.178.125.65"]
[Date "2000.06.21"]
[Round "?"]
[White "Hossa"]
[Black "QueenMaxima"]
[Result "0-1"]
[WhiteElo "2269"]
[BlackElo "2378"]
[PlyCount "116"]
[EventDate "2000.??.??"]

1. e4 e5 2. Nf3 Nc6 3. Nc3 Nf6 4. Bb5 Nd4 5. Bc4 Bc5 6. Nxe5 Qe7 7. Nxf7 Rf8 8.
Ng5 d5 9. Be2 dxe4 10. O-O h6 11. Bh5+ Kd8 12. d3 exd3 13. Re1 dxc2 14. Qd2 Qd7
15. Nge4 Be7 16. Nxf6 Rxf6 17. f3 Ra6 18. Bg4 Qd6 19. Ne4 Qb4 20. Nc3 Bxg4 21.
fxg4 Rd6 22. Qf2 Rf6 23. Qd2 Rf7 24. Re4 Bc5 25. Qd3 Re7 26. Kh1 Rd7 27. Bf4
Kc8 28. Re8+ Rd8 29. Rxd8+ Kxd8 30. Re1 Kd7 31. Qg6 Be7 32. Qxg7 Ne6 33. Rxe6
Kxe6 34. Qe5+ Kd7 35. Qxc7+ Ke8 36. Qe5 Qc4 37. h3 Rd8 38. Bxh6 Rd1+ 39. Kh2
Qc6 40. Bf4 Qd6 41. Qb5+ Kd8 42. Bxd6 Bxd6+ 43. g3 Rd2+ 44. Ne2 c1=Q 45. Qg5+
Kc7 46. Qa5+ Kc8 47. Qb5 Qe1 48. Qe8+ Kc7 49. Qf7+ Kb6 50. Qb3+ Ka5 51. Qc3+
Kb5 52. a4+ Kxa4 53. b3+ Kb5 54. Qxd2 Qxd2 55. Kh1 Qxe2 56. g5 Bxg3 57. Kg1
Qf2+ 58. Kh1 Qh2# 0-1

[Event "ICS Rated standard match"]
[Site "204.178.125.65"]
[Date "2000.06.22"]
[Round "?"]
[White "Hossa"]
[Black "PostModernist"]
[Result "0-1"]
[WhiteElo "2258"]
[BlackElo "2386"]
[PlyCount "78"]
[EventDate "2000.??.??"]

1. e4 e5 2. Nf3 Nc6 3. Nc3 Nf6 4. Bb5 Bc5 5. O-O O-O 6. Nxe5 Nxe5 7. d4 Bd6 8.
dxe5 Bxe5 9. Bg5 h6 10. Bxf6 Qxf6 11. Qd2 c6 12. Bc4 b5 13. Bb3 a5 14. a3 Re8
15. f3 Bd4+ 16. Kh1 a4 17. Ba2 Be5 18. Kg1 Ba6 19. Rfe1 b4 20. axb4 a3 21.
Bxf7+ Qxf7 22. Rxa3 Bf4 23. Qf2 Qh5 24. g3 Bb8 25. Na4 Qb5 26. Nc5 Ba7 27. c3
d6 28. Rea1 Bb6 29. Rxa6 Rxa6 30. Rxa6 Bxc5 31. bxc5 Qxa6 32. cxd6 Qd3 33. h3
Qxd6 34. Qe1 Rd8 35. Kf2 Qd2+ 36. Qxd2 Rxd2+ 37. Ke3 Rxb2 38. h4 h5 39. c4 Kf7
0-1

[Event "ICS rated blitz match"]
[Site "204.178.125.65"]
[Date "2000.06.22"]
[Round "?"]
[White "Hossa"]
[Black "PostModernist"]
[Result "0-1"]
[WhiteElo "2339"]
[BlackElo "2557"]
[PlyCount "71"]
[EventDate "2000.??.??"]

1. e4 g6 2. d4 Bg7 3. Nc3 d6 4. Be2 a6 5. Nf3 b5 6. O-O Bb7 7. d5 Nf6 8. a3 O-O
9. Ng5 c6 10. Be3 cxd5 11. exd5 Nbd7 12. Re1 Nb6 13. Bf3 h6 14. Bxb6 Qxb6 15.
Nh3 Rfe8 16. Nf4 Nh7 17. Qd2 Rac8 18. Bg4 Rc4 19. Bd7 Rd8 20. Rxe7 Bf8 21. Nxg6
fxg6 22. Be6+ Kh8 23. Rf7 Bg7 24. Re7 Ng5 25. Re1 Bf6 26. Rd7 Rxd7 27. Bxd7 Qc7
28. Be6 Bxc3 29. bxc3 Kg7 30. Qc1 Qc5 31. Re2 Rxc3 32. Bd7 Qxd5 33. f3 Qc5+ 34.
Kh1 Qxa3 35. Qe1 Rxf3 36. gxf3 0-1

[Event "ICS Rated standard match"]
[Site "204.178.125.65"]
[Date "2000.06.22"]
[Round "?"]
[White "PostModernist"]
[Black "Hossa"]
[Result "0-1"]
[WhiteElo "2396"]
[BlackElo "2248"]
[PlyCount "106"]
[EventDate "2000.??.??"]

1. d4 Nf6 2. c4 e6 3. g3 d5 4. Nf3 dxc4 5. Qa4+ Nbd7 6. Qxc4 c5 7. Bg2 cxd4 8.
O-O e5 9. Ng5 Qe7 10. e3 h6 11. Nf3 d3 12. e4 Nc5 13. b4 Ncxe4 14. Qxd3 Qxb4
15. Nxe5 Bc5 16. Ba3 Nxf2 17. Qe2 N2e4+ 18. Kh1 Qd4 19. Bxc5 Qxe5 20. Re1 Qxc5
21. Nd2 O-O 22. Nxe4 Nxe4 23. Bxe4 Rb8 24. Rac1 Qa5 25. Qf2 Be6 26. Rc2 Rbe8
27. Kg1 b6 28. Rd1 Rc8 29. Rcd2 Qa3 30. Bf3 Rc1 31. Rxc1 Qxc1+ 32. Kg2 Qa1 33.
Rd1 Qxa2 34. Qxa2 Bxa2 35. Ra1 Be6 36. Rxa7 Rb8 37. h4 b5 38. Ra1 b4 39. Rb1 b3
40. Rb2 Rc8 41. Bd1 Ra8 42. Rb1 Ra2+ 43. Kf3 Rd2 44. Ke3 Rg2 45. g4 b2 46. Be2
Bxg4 47. Rxb2 Bxe2 48. Rxe2 Rxe2+ 49. Kxe2 g5 50. Kf3 gxh4 51. Kg4 Kg7 52. Kxh4
Kf6 53. Kh5 Ke5 0-1

[Event "ICS rated bullet match"]
[Site "204.178.125.65"]
[Date "2000.06.22"]
[Round "?"]
[White "Hossa"]
[Black "Ciaran-G"]
[Result "1-0"]
[WhiteElo "2434"]
[BlackElo "1270"]
[PlyCount "49"]
[EventDate "2000.??.??"]

1. e4 e6 2. d4 d6 3. Bd3 c5 4. dxc5 dxc5 5. Nf3 Nc6 6. O-O Bd6 7. Bb5 Bb8 8.
Qxd8+ Kxd8 9. Bxc6 bxc6 10. Rd1+ Bd7 11. Nc3 Ne7 12. Na4 c4 13. Nc5 Nd5 14.
exd5 cxd5 15. b3 c3 16. Nxd7 Kxd7 17. Be3 Bd6 18. Bd4 f6 19. Bxc3 e5 20. Rxd5
e4 21. Rad1 Rhe8 22. Rxd6+ Kc7 23. Rd7+ Kc6 24. R1d6+ Kc5 25. Bd4+ 1-0

[Event "ICS rated bullet match"]
[Site "204.178.125.65"]
[Date "2000.06.22"]
[Round "?"]
[White "Ciaran-G"]
[Black "Hossa"]
[Result "0-1"]
[WhiteElo "1270"]
[BlackElo "2434"]
[PlyCount "40"]
[EventDate "2000.??.??"]

1. e4 c5 2. Nf3 d6 3. d4 cxd4 4. Nxd4 Nf6 5. Nc3 e6 6. Bg5 Be7 7. f4 O-O 8. Qf3
h6 9. Bd3 hxg5 10. fxg5 Nfd7 11. h4 Nc6 12. g4 Nde5 13. Nxc6 Nxf3+ 14. Kf2 bxc6
15. Kxf3 Bd7 16. Nd5 cxd5 17. exd5 Qc7 18. Bh7+ Kxh7 19. g6+ fxg6+ 20. Kg3 Qxc2
0-1

[Event "ICS rated standard match"]
[Site "204.178.125.65"]
[Date "2000.06.22"]
[Round "?"]
[White "Hossa"]
[Black "CptCheck"]
[Result "1-0"]
[WhiteElo "2270"]
[BlackElo "2037"]
[PlyCount "28"]
[EventDate "2000.??.??"]

1. e4 c5 2. Nf3 Nc6 3. d4 cxd4 4. Nxd4 g6 5. Nc3 Bg7 6. Be3 Nf6 7. Bc4 Qa5 8.
O-O O-O 9. Bb3 d6 10. h3 Bd7 11. Re1 Rfe8 12. Qe2 Qh5 13. Qc4 Nxd4 14. Qxf7+
Kh8 1-0

[Event "ICS rated bullet match"]
[Site "204.178.125.65"]
[Date "2000.06.22"]
[Round "?"]
[White "Emchricas"]
[Black "Hossa"]
[Result "0-1"]
[WhiteElo "1536"]
[BlackElo "2434"]
[PlyCount "38"]
[EventDate "2000.??.??"]

1. e4 c5 2. Nf3 d6 3. c3 Nf6 4. d3 d5 5. e5 Nfd7 6. d4 Nc6 7. Be2 e6 8. O-O Be7
9. a3 O-O 10. b4 cxd4 11. cxd4 f6 12. b5 Na5 13. a4 fxe5 14. Nxe5 Nxe5 15. dxe5
Qc7 16. Bd2 Qxe5 17. Bxa5 Bd6 18. Re1 Qxh2+ 19. Kf1 Qh1# 0-1

[Event "ICS rated bullet match"]
[Site "204.178.125.65"]
[Date "2000.06.22"]
[Round "?"]
[White "Hossa"]
[Black "bateo"]
[Result "1-0"]
[WhiteElo "2434"]
[BlackElo "992"]
[PlyCount "25"]
[EventDate "2000.??.??"]

1. e4 d5 2. exd5 Qxd5 3. Nc3 c6 4. Nxd5 cxd5 5. Nf3 Be6 6. Bb5+ Nc6 7. Ne5 f6
8. Nxc6 g6 9. Qe2 Kd7 10. Nd4+ Kc7 11. Nxe6+ Kd6 12. b3 Bg7 13. Ba3# {
bateo checkmated} 1-0

[Event "ICS rated bullet match"]
[Site "204.178.125.65"]
[Date "2000.06.22"]
[Round "?"]
[White "defender3450"]
[Black "Hossa"]
[Result "0-1"]
[WhiteElo "1484"]
[BlackElo "2434"]
[PlyCount "26"]
[EventDate "2000.??.??"]

1. e4 c5 2. Nf3 d6 3. Bc4 Nf6 4. Nc3 Nc6 5. e5 Nxe5 6. Nxe5 dxe5 7. O-O Bg4 8.
d3 Bxd1 9. Rxd1 a6 10. Bg5 b5 11. Bxf6 gxf6 12. Bd5 Bg7 13. Rd2 Rb8 0-1

[Event "ICS rated bullet match"]
[Site "204.178.125.65"]
[Date "2000.06.22"]
[Round "?"]
[White "Hossa"]
[Black "defender3450"]
[Result "1-0"]
[WhiteElo "2434"]
[BlackElo "1483"]
[PlyCount "29"]
[EventDate "2000.??.??"]

1. e4 c6 2. d4 d6 3. Nf3 Nf6 4. Nc3 Bg4 5. Be3 Bxf3 6. Qxf3 e6 7. e5 dxe5 8.
dxe5 Nd5 9. O-O-O Be7 10. Ne4 O-O 11. c4 Qa5 12. cxd5 Qxa2 13. Nc3 Qb3 14. d6
Bxd6 15. exd6 1-0

[Event "ICS rated standard match"]
[Site "204.178.125.65"]
[Date "2000.06.22"]
[Round "?"]
[White "CiberBrain"]
[Black "Hossa"]
[Result "0-1"]
[WhiteElo "2170"]
[BlackElo "2277"]
[PlyCount "65"]
[EventDate "2000.??.??"]

1. d4 Nf6 2. c4 e6 3. g3 d5 4. Bg2 dxc4 5. Nf3 Bb4+ 6. Bd2 Be7 7. Qc2 Nc6 8. e3
O-O 9. O-O Bd7 10. Qxc4 Ne4 11. Bc3 a5 12. Rc1 a4 13. Nbd2 Nxc3 14. Qxc3 a3 15.
b3 Rc8 16. Ne4 b6 17. Qd2 Nb4 18. Ne5 Nd5 19. Qe2 c6 20. Rc2 Rc7 21. Rac1 Nb4
22. Rd2 Bc8 23. Qd1 f6 24. Nd3 Nxd3 25. Rxd3 Bb4 26. Nd2 Ba6 27. Nc4 b5 28. Nd2
c5 29. Bh3 f5 30. Nb1 c4 31. bxc4 bxc4 32. Rxa3 Bxa3 33. Nxa3 {
CiberBrain resigns} 0-1

[Event "ICS rated bullet match"]
[Site "204.178.125.65"]
[Date "2000.06.22"]
[Round "?"]
[White "Hossa"]
[Black "WarHawk"]
[Result "1-0"]
[WhiteElo "2434"]
[BlackElo "1244"]
[PlyCount "24"]
[EventDate "2000.??.??"]

1. e4 d6 2. d4 e5 3. dxe5 dxe5 4. Qxd8+ Kxd8 5. Bc4 Bd7 6. Bxf7 Nc6 7. Ne2 Be7
8. O-O Nf6 9. Nbc3 Bd6 10. Bg5 Nd4 11. Nxd4 exd4 12. Ne2 Be5 {WarHawk resigns}
1-0